000 00866nam a22003017a 4500
001 BR7903949
003 BR-BrBNA
005 20230928090027.0
007 ta
008 230509b bl.||||| |||| 00| 0 por d
040 _aBR-BrBNA
_bpor
_cBiblioteca Nacional de Agricultura
041 _a(Por)
072 _aE70
_b/G514
090 _ E70 BR7903949
100 1 _aFarias, R.V.
100 1 _aNoronha, R.T.D.
110 1 _aFundacao de Economia e Estatistica, Porto Alegre, RS (Brasil)
_94853
245 1 _aComercio interior. Exportacoes do Rio Grande do Sul 1960 - 72 [Brasil]
260 3 _aPorto Alegre, RS (Brasil):
_c1979.
300 _a57 p.
650 _aCOMERCIALIZACAO
650 _aCOMERCIO INTERNO
650 _aCOMERCIO EXTERIOR
650 _aEXPORTACAO
650 _aRIO GRANDE DO SUL
909 _a202309
_bLucia
_c55
_dLucia Elande
942 _cBK
999 _c27496
_d27496